000 00694nam a2200229#a 4500
001 02170
003 HDC
007 ta
008 230623s2008 xx 000 0 eng d
040 _aHDC
050 _aPEMUDAH HD 2961
_b.P37 2007
110 _aPasukan Petugas Khas Pemudahcara Perniagaan
245 0 _aLaporan tahunan 2007 =
_bannual report 2007 /
_cPasukan Petugas Khas Pemudahcara Perniagaan
264 _aKuala Lumpur :
_bPasukan Pertugas Khas Pemudahcara Perniagaan,
_c2008
300 _a91p. :
_b ill. ;
_c 29cm
650 _aIndustrial policy
650 _aPublic-Private sector cooperation
942 _2lcc
942 _cBK
942 _kPEMUDAH HD 2961
942 _m.P37 2007
999 _c23730
_d23730